HOT CAREER OPTIPNS (Record no. 33754)

MARC details
000 -LEADER
fixed length control field 00284nam a22001337a 4500
003 - CONTROL NUMBER IDENTIFIER
control field SGT
020 ## - INTERNATIONAL STANDARD BOOK NUMBER
International Standard Book Number 9788171323251
082 ## - DEWEY DECIMAL CLASSIFICATION NUMBER
Classification number 371.42,MEH
100 ## - MAIN ENTRY--PERSONAL NAME
Personal name MEHTA MANJU
245 ## - TITLE STATEMENT
Title HOT CAREER OPTIPNS
260 ## - PUBLICATION, DISTRIBUTION, ETC. (IMPRINT)
Place of publication, distribution, etc JAIPUR
Name of publisher, distributor, etc POINTER PUBLISHARS
Year of Publication 2018
300 ## - PAGE DESCRIPTION
No. of Pages 213
942 ## - ADDED ENTRY ELEMENTS (KOHA)
Source of classification or shelving scheme Dewey Decimal Classification
Koha item type Books
Holdings
Withdrawn status Lost status Source of classification or shelving scheme Damaged status Not for loan Collection code Home library Current library Shelving location Date acquired Vendor Name Cost, normal purchase price SGTU Bill Number Total Checkouts Full call number Accession No. (Barcode) Date last seen Bill Date Koha item type
    Dewey Decimal Classification   Not For Loan EDUCATION SGT Engineering Library SGT Engineering Library Reference Book 29/01/2026 BRIJWASI BOOK DISTRIBUTORS 1100.00 SGTU IN/MW/000380   371.42,MEH ED5498 29/01/2026 20/12/2025 Books